Top 10 2022 MLB Pitchers - Statistics

General Stats
  • This quiz has been taken 235 times
  • The average score is 8 of 10
Answer Stats
Hint Answer % Correct
Yankees Gerrit Cole
98%
Dodgers Clayton Kershaw
96%
Mets Jacob Degrom
96%
Indians/Guardians Shane Bieber
88%
Dodgers Max Scherzer
86%
Angels Shohei Ohtani
82%
Brewers Corbin Burnes
81%
Nationals Stephen Strasburg
69%
Giants Kevin Gausman
44%
Dodgers Walker Buehler
26%
No matching quizzes found
Score Distribution
Percent of People with Each Score
Percentile by Number Answered
Your Score History
You have not taken this quiz